| 000 | 00515nam a2200193Ia 4500 | ||
|---|---|---|---|
| 003 | GCL | ||
| 008 | 140319s9999 xx 000 0 eng d | ||
| 040 |
_aGCL / _cGCL |
||
| 082 | 0 | 4 |
_a624.1 _bB M |
| 100 | 1 | _aBHATT, P. | |
| 245 | 1 | 0 |
_aMARSHALL & NELSON'S STRUCTURES / _cBHATT, P. |
| 700 | 1 | _aNELSON, H. M. | |
| 260 |
_a[S.N] : _bELBS WITH LONGMAN ، _c1990 |
||
| 300 | _a602\P | ||
| 650 | 0 | 4 | _aالتحليل الرياضى |
| 650 | 0 | 4 | _aCIVIL ENGINEERING |
| 650 | 0 | 4 | _aSTRUCTURAL ENGINEERING |
| 942 |
_2ddc _cBK |
||
| 999 |
_c19943 _d19943 |
||